Macroeconomics (Record no. 18307)

MARC details
000 -LEADER
fixed length control field 00382nam a22001337a 4500
008 - FIXED-LENGTH DATA ELEMENTS--GENERAL INFORMATION
fixed length control field 200716b xxu||||| |||| 00| 0 eng d
050 ## - LIBRARY OF CONGRESS CALL NUMBER
Classification number HB172.5
Item number .F79 2013 c.2
100 ## - MAIN ENTRY--PERSONAL NAME
Personal name Froyen, Richard T.
245 ## - TITLE STATEMENT
Title Macroeconomics
Remainder of title Theories and Policies
Statement of responsibility, etc. Richard T. Froyen
250 ## - EDITION STATEMENT
Edition statement 10th ed.
Remainder of edition statement Global edition
260 ## - PUBLICATION, DISTRIBUTION, ETC. (IMPRINT)
Place of publication, distribution, etc. Boston
Name of publisher, distributor, etc. Pearson
Date of publication, distribution, etc. 2013
300 ## - PHYSICAL DESCRIPTION
Extent 429p.
942 ## - ADDED ENTRY ELEMENTS (KOHA)
Source of classification or shelving scheme Library of Congress Classification
Koha item type General Collection
Holdings
Withdrawn status Lost status Source of classification or shelving scheme Not for loan Home library Current library Date acquired Cost, normal purchase price Total Checkouts Total Renewals Full call number Barcode Date last seen Date last checked out Price effective from Koha item type
    Library of Congress Classification   Kabarak, Main Campus Kabarak, Main Campus 16/07/2020 4216.00 1 1 HB172.5 .F79 2013 c.1 029904 02/08/2024 10/02/2021 16/07/2020 General Collection
    Library of Congress Classification   Kabarak, Main Campus Kabarak, Main Campus 16/07/2020 4216.00 6 1 HB172.5 .F79 2013 c.2 029905 03/04/2025 27/01/2025 16/07/2020 General Collection
    Library of Congress Classification   Kabarak, Main Campus Kabarak, Main Campus 16/07/2020 4216.00 4   HB172.5 .F79 2013 c.3 029906 02/08/2024 20/01/2022 16/07/2020 General Collection
Designed with assistance from East African Informatics Ltd